|
|
|
|
| LEADER |
01940nam a2200457 i 4500 |
| 001 |
EBC4397945 |
| 003 |
MiAaPQ |
| 005 |
20200520144314.0 |
| 006 |
m o d | |
| 007 |
cr cnu|||||||| |
| 008 |
160601t20152015maua ob 001 0 eng d |
| 020 |
|
|
|z 9780262029650
|
| 020 |
|
|
|a 9780262330831
|q (electronic bk.)
|
| 035 |
|
|
|a (MiAaPQ)EBC4397945
|
| 035 |
|
|
|a (Au-PeEL)EBL4397945
|
| 035 |
|
|
|a (CaPaEBR)ebr11211468
|
| 035 |
|
|
|a (CaONFJC)MIL890133
|
| 035 |
|
|
|a (OCoLC)951065295
|
| 040 |
|
|
|a MiAaPQ
|b eng
|e rda
|e pn
|c MiAaPQ
|d MiAaPQ
|
| 050 |
|
4 |
|a HC79.C3
|b E23 2015
|
| 082 |
0 |
|
|a 363.6
|2 23
|
| 245 |
0 |
4 |
|a The economics of infrastructure provisioning :
|b the changing role of the state /
|c edited by Arnold Picot [and three others].
|
| 264 |
|
1 |
|a Cambridge, Massachusetts ;
|a London, England :
|b The MIT Press,
|c 2015.
|
| 264 |
|
4 |
|c 2015
|
| 300 |
|
|
|a 1 online resource (527 pages) :
|b illustrations, tables.
|
| 336 |
|
|
|a text
|2 rdacontent
|
| 337 |
|
|
|a computer
|2 rdamedia
|
| 338 |
|
|
|a online resource
|2 rdacarrier
|
| 490 |
1 |
|
|a CESifo Seminar Series
|
| 504 |
|
|
|a Includes bibliographical references and index.
|
| 588 |
|
|
|a Description based on print version record.
|
| 590 |
|
|
|a Electronic reproduction. Ann Arbor, MI : ProQuest, 2016. Available via World Wide Web. Access may be limited to ProQuest affiliated libraries.
|
| 650 |
|
0 |
|a Infrastructure (Economics)
|x Government policy.
|
| 650 |
|
0 |
|a Public goods.
|
| 650 |
|
0 |
|a Public works.
|
| 655 |
|
4 |
|a Electronic books.
|
| 700 |
1 |
|
|a Picot, Arnold,
|e editor.
|
| 776 |
0 |
8 |
|i Print version:
|t Economics of infrastructure provisioning : the changing role of the state.
|d Cambridge, Massachusetts ; London, England : MIT Press, c2015
|h vii, 516 pages
|k CESifo seminar series.
|z 9780262029650
|w 2015011450
|
| 797 |
2 |
|
|a ProQuest (Firm)
|
| 830 |
|
0 |
|a CESifo seminar series.
|
| 856 |
4 |
0 |
|u https://ebookcentral.proquest.com/lib/matrademy/detail.action?docID=4397945
|z Click to View
|